01053nas a2200277Ia 4500001001600000003001000016008004100026040002500067041001300092100001600105210001300121222001300134245007000147250001100217260000900228501012300237300001600360362002400376500009400400650004600494700001100540942000700551957000600558999003300564952017800597A10/R169-46719 IT-MiCISF161014c99999999xx |||||||||||| ||und|| aIT-MiCISFcIT-MiCISF aITALIANO aDoldi Marco aTeologia aTeologia 0aLa comunione ai divorziati risposati: magistero e teologia morale a1a ed. c2008 bCISF - Centro Internazionale Studi Famiglia - Via Giotto, 36 20145 MILANO (non commercial uses only)cCopyright 2016 app. 232-247 an. 2, giugno [2008] a Tema: pastorale-situazioni-difficili, divorzio, nuove-nozze, teologia, magistero, morale aPASTORALE - pastorale familiarevarticolo aAA.VV. cCR 71 a46719bSig1c233579d233579 0010406A_10_000000000000000_R1694671971aCISFbCISFd2016-10-14l0oA10/R169-46719 r2016-10-14 00:00:00w2016-10-14yCRzData import 15.10.2016 / by Epidotti, Vaglietti